02104agaaa2200313 45000010005000000030009000050050017000140070009000310080040000400400023000800410013001031000048001161300025001642400030001892450179002192460023003982500022004212600130004433000034005735080151006075110092007585200674008505380016015245460013015406500057015537000060016107000060016707000060017305349IT-RoPAU20220918181225.0d cvaizq50131s9999||||xx ||| | || ||und|| aIT-RoPAUcIT-RoPAU aITALIANO aLauzier GerardgCodice regista SPICS: 58067 aMIO PADRE, CHE EROE! aMON PERE, CE HEROSgT3475 aMIO PADRE, CHE EROE!cProdotto da: Livi Jean-Louis -- Sceneggiatura: Lauzier Gerard -- Diretto da: Lauzier GerardpMIO PADRE, CHE EROE! (Rif. Codice opera principale : H5349) aMON PERE, CE HEROS aEdizione Standard a(FRANCIA)bFILM PAR FILM - D.D. PROD. - ORLY FILM - TE1 / Distribuzione: MECg"1991 (1° ed.: 2005 ; Ed. Lingua Orig.: 1991)" aDVDbsonoro, col.c100 minuti a"Fotografia: Blossier Patrick; Montaggio: Klotz Georges; Musica: Bernheim Francois; Sceneggiatura: Lauzier Gerard; Scenografia: Marti Christian; " a"Depardieu Gerard; Gillain Marie; Mille Patrick; Jacob Catherine; Herold Gerard; Dalto" aCOSA SUCCEDE QUANDO UN PADRE INGENUO E TRADIZIONALISTA PORTA LA FIGLIA, UN'ADOLESCENTE A CUI DAVVERO NON MANCA LA FANTASIA, IN VACANZA IN UN LUOGO ESOTICO PER RINVIGORIRE IL RAPPORTO? ESATTAMENTE CIO' CHE IL POVERO ANDRE' SPERIMENTA SULLA SUA PELLE, NEL DISPERATO TENTATIVO DI RITROVARE ANCORA UNA VOLTA LA BAMBINA DI UN TEMPO, ROVINANDO INEVITABILMENTE LE SOSPIRATE VACANZEDELLA FIGLIA. MA QUANDO TUTTO SEMBRA ANDARE COME PREVISTO ECCO CHE APPAREIL PRINCIPE AZZURRO DA CONQUISTARE. DOVRA' ESSERE LUI A SALVARE LA SUA BELLA DALLE GRINFIE DI UN PERFIDO AMANTE. UNA BRILLANTE COMMEDIA DEGLI EQUIVOCI INTERPRETATA CON IRONIA E SPREZZO DE PERICOLO DA UN FIORENTE DEPARDIEU. aPAL, STEREO aITALIANO aCOMMEDIAeDVD-FILM [DVD]xCodice MATERIA SPICS: 9947 aBernheim Francoise(musica)gCodice Musica SPICS: 58069 aLauzier Gerard e(regista)gCodice regista SPICS: 58067 aMaurel Annie e(soggetto)gCodice Soggetto SPICS: 58068